LEADER 01100nam0 22002651i 450 001 VAN0033044 005 20050427120000.0 010 $a88-7187-639-3 100 $a20050228d1994 |0itac50 ba 101 $aita 102 $aIT 105 $a|||| ||||| 200 1 $aManager forti azionisti deboli$eeconomia, finanza e scelte politiche alle radici della corporate governance$fMark J. Roe; introduzione all'edizione italiana di Gianfranco Imperatori 210 $dMilano : Il sole 24 ore$dc1994 215 $a416 p.$d24 cm. 620 $dMilanofiori, Assago$3VANL000012 700 1$aRoe$bMark J.$3VANV027648$0140521 702 1$aImperatori$bGianfranco$3VANV027708 712 $aIl sole 24 ore $3VANV108714$4650 801 $aIT$bSOL$c20230728$gRICA 899 $aBIBLIOTECA DEL DIPARTIMENTO DI GIURISPRUDENZA$1IT-CE0105$2VAN00 912 $aVAN0033044 950 $aBIBLIOTECA DEL DIPARTIMENTO DI GIURISPRUDENZA$d00CONS VI.Eb.238 $e00 20617 20050228 996 $aManager forti azionisti deboli$91430915 997 $aUNICAMPANIA LEADER 02005nam0 2200409 i 450 001 VAN0133637 005 20230619120913.533 017 70$2N$a9783319123882 100 $a20210415d2015 |0itac50 ba 101 $aeng 102 $aCH 105 $a|||| ||||| 200 1 $aHigh-Resolution Extreme Ultraviolet Microscopy$eImaging of Artificial and Biological Specimens with Laser-Driven Ultrafast XUV Sources$eDoctoral Thesis accepted by Friedrich Schiller University of Jena, Germany$fMichael Werner Zürch 205 $aCham : Springer, 2015 210 $axviii$d127 p.$cill. ; 24 cm 215 410 1$1001VAN0104193$12001 $aSpringer theses$erecognizing outstanding Ph.D. research$1210 $aBerlin$cSpringer$d2010- 500 1$3VAN0134378$aHigh-Resolution Extreme Ultraviolet Microscopy$91771588 606 $a92C05$xBiophysics [MSC 2020]$3VANC020842$2MF 606 $a00A79 (77-XX)$xPhysics [MSC 2020]$3VANC023182$2MF 606 $a78A60$xLasers, masers, optical bistability, nonlinear optics [MSC 2020]$3VANC029030$2MF 610 $aCoherent Diffraction Imaging$9KW:K 610 $aDigital in-line Holography$9KW:K 610 $aExtreme Ultraviolet Microscopy$9KW:K 610 $aHigh Harmonic Generation$9KW:K 610 $aHigh-resolution Lensless Imaging$9KW:K 620 $aCH$dCham$3VANL001889 700 1$aZürch$bMichael W.$3VANV107404$0792300 712 $aSpringer $3VANV108073$4650 801 $aIT$bSOL$c20240614$gRICA 856 4 $uhttp://doi.org/10.1007/978-3-319-12388-2$zE-book ? Accesso al full-text attraverso riconoscimento IP di Ateneo, proxy e/o Shibboleth 899 $aBIBLIOTECA DEL DIPARTIMENTO DI MATEMATICA E FISICA$1IT-CE0120$2VAN08 912 $fN 912 $aVAN0133637 950 $aBIBLIOTECA DEL DIPARTIMENTO DI MATEMATICA E FISICA$d08CONS e-book 2358 $e08eMF2358 20210415 996 $aHigh-Resolution Extreme Ultraviolet Microscopy$91771588 997 $aUNICAMPANIA